Thực hành lập trình I : Công nghệ xử lý thông tin = Programming Practice I

Nội dung giới thiệu cách sử dung các biến trong một chương trình, sử dụng biến để lưu giá trị đưa vào, biến hiển thị đầu ra, các kiểu dữ liệu cơ bản trong mã. Sử dụng hằng trong thủ tục sự kiện, các toán tử trong Visual Basic......

Celý popis

Uloženo v:
Podrobná bibliografie
Hlavní autor: Up, Moon Hwang
Médium: Kniha
Jazyk:Undetermined
Vydáno: Hà Nội Lao Động - Xã Hội 2000
Témata:
Tagy: Přidat tag
Žádné tagy, Buďte první, kdo otaguje tento záznam!
Thư viện lưu trữ: Trung tâm Học liệu Trường Đại học Cần Thơ
LEADER 01044nam a2200193Ia 4500
001 CTU_41738
008 210402s9999 xx 000 0 und d
082 |a 005.73 
082 |b U65/T.2 
100 |a Up, Moon Hwang 
245 0 |a Thực hành lập trình I : 
245 0 |b Công nghệ xử lý thông tin = Programming Practice I 
245 0 |c Moon Hwang Up ; Trần Việt Hà (dịch) 
260 |a Hà Nội 
260 |b Lao Động - Xã Hội 
260 |c 2000 
520 |a Nội dung giới thiệu cách sử dung các biến trong một chương trình, sử dụng biến để lưu giá trị đưa vào, biến hiển thị đầu ra, các kiểu dữ liệu cơ bản trong mã. Sử dụng hằng trong thủ tục sự kiện, các toán tử trong Visual Basic... 
650 |a Information storage and retrieval systems,hệ thống lưu trữ và truy xuất thông tin 
980 |a Trung tâm Học liệu Trường Đại học Cần Thơ